Jane's infantry weapons.

Bibliographic Details
Format: Serial
Language:English
Published: London ; New York : Jane's, -[2011]
Subjects:

MARC

Tag First Indicator Second Indicator Subfields
LEADER 00000cas a2200000 a 4500
001 in00000051758
005 20151007074006.0
008 750424d19752012enkar 0 0eng d
010 |a  81640908  
016 7 |a 194230-x  |2 DE-600 
016 7 |a 010481365  |2 Uk 
019 |a 4222306  |a 6841175 
029 1 |a NZ1  |b 2795822 
029 1 |a AU@  |b 000002035509 
029 1 |a NZ1  |b 12684884 
029 1 |a GEBAY  |b 1368257 
029 1 |a DEBSZ  |b 014808307 
029 1 |a DEBBG  |b BV002702411 
035 |a (OCoLC)ocm01297291 
037 |b Jane's Pub. Inc., 730 5th Ave., N.Y., NY 10019 
040 |a ARL  |c ARL  |d YUS  |d MUL  |d HUL  |d DLC  |d OCL  |d NST  |d OCL  |d HUL  |d NST  |d SYS  |d OCLCQ  |d GEBAY  |d DEBSZ  |d DEBBG  |d UKMGB  |d UtOrBLW 
042 |a lc 
049 |a TXAM 
050 0 0 |a UD380  |b .J36 
082 0 4 |a 623.4 
090 |a UD390  |b .J33 
245 0 0 |a Jane's infantry weapons. 
264 1 |a London ;  |a New York :  |b Jane's,  |c -[2011] 
264 4 |c ©2011 
300 |a volumes :  |b illustrations ;  |c 33 cm. 
310 |a Annual 
336 |a text  |b txt  |2 rdacontent 
337 |a unmediated  |b n  |2 rdamedia 
338 |a volume  |b nc  |2 rdacarrier 
362 1 |a Began with vol. for 1975; ceased with: 37th ed. (2011/2012). 
588 |a Description based: 6th ed. (1980-81). 
588 |a Latest issue consulted: 37th ed. (2011/2012). 
650 0 |a Firearms  |v Periodicals. 
650 0 |a Infantry  |x Equipment  |v Periodicals. 
776 0 8 |i Online version:  |t Jane's infantry weapons  |w (OCoLC)760056839 
850 |a AU  |a CSf  |a CSt-H  |a DLC  |a FU  |a GAT  |a GEU  |a IC  |a ICU  |a InLP  |a MH  |a MiDW  |a MnU  |a NN  |a NcD  |a NvU  |a OC  |a OU  |a OkU  |a ViBlbV  |a WaU 
891 0 0 |9 853  |8 1  |a ed.  |i (year) 
891 4 1 |9 863  |8 1  |a <3>  |i <1977>  |x provisional 
994 |a C0  |b TXA 
949 |a updated  |b h  |c 2012/4/20  |e coplinger  |f 12:05:29 pm 
999 |a MARS 
999 f f |s 71621b8e-838c-326f-b0e4-f94a8c1331c6  |i 886ee3c2-7ae8-32e4-8ce1-f9659d56b83f  |t 0 
952 f f |p ric  |a Texas A&M University  |b Rellis Campus  |c Joint Library Facility  |d Remote Storage  |t 0  |e UD390 .J33  |h Library of Congress classification  |i unmediated -- volume  |k 11th ed.  |l 1985/1986  |m A14808421859 
952 f f |p ric  |a Texas A&M University  |b Rellis Campus  |c Joint Library Facility  |d Remote Storage  |t 0  |e UD390 .J33  |h Library of Congress classification  |i unmediated -- volume  |k 29th ed.  |l 2003/2004  |m A14829875178 
952 f f |p ric  |a Texas A&M University  |b Rellis Campus  |c Joint Library Facility  |d Remote Storage  |t 0  |e UD390 .J33  |h Library of Congress classification  |i unmediated -- volume  |k 1st ed.  |l 1975  |m A14833007931 
952 f f |p ric  |a Texas A&M University  |b Rellis Campus  |c Joint Library Facility  |d Remote Storage  |t 0  |e UD390 .J33  |h Library of Congress classification  |i unmediated -- volume  |k 16th ed.  |l 1990/1991  |m A14813459841 
952 f f |p ric  |a Texas A&M University  |b Rellis Campus  |c Joint Library Facility  |d Remote Storage  |t 0  |e UD390 .J33  |h Library of Congress classification  |i unmediated -- volume  |k 15th ed.  |l 1989/1990  |m A14812308314 
952 f f |p ric  |a Texas A&M University  |b Rellis Campus  |c Joint Library Facility  |d Remote Storage  |t 0  |e UD390 .J33  |h Library of Congress classification  |i unmediated -- volume  |k 13th ed.  |l 1987/1988  |m A14829595702 
952 f f |p ric  |a Texas A&M University  |b Rellis Campus  |c Joint Library Facility  |d Remote Storage  |t 0  |e UD390 .J33  |h Library of Congress classification  |i unmediated -- volume  |k 9th ed.  |l 1983/1984  |m A14807534560 
952 f f |p ric  |a Texas A&M University  |b Rellis Campus  |c Joint Library Facility  |d Remote Storage  |t 0  |e UD390 .J33  |h Library of Congress classification  |i unmediated -- volume  |k 30th ed.  |l 2004/2005  |m A14831842610 
952 f f |p ric  |a Texas A&M University  |b Rellis Campus  |c Joint Library Facility  |d Remote Storage  |t 0  |e UD390 .J33  |h Library of Congress classification  |i unmediated -- volume  |k 35th ed.  |l 2009/2010  |m A14837472081 
952 f f |p ric  |a Texas A&M University  |b Rellis Campus  |c Joint Library Facility  |d Remote Storage  |t 0  |e UD390 .J33  |h Library of Congress classification  |i unmediated -- volume  |k 27th ed.  |l 2001/2002  |m A14827203537 
952 f f |p ric  |a Texas A&M University  |b Rellis Campus  |c Joint Library Facility  |d Remote Storage  |t 0  |e UD390 .J33  |h Library of Congress classification  |i unmediated -- volume  |k 3rd ed.  |l 1977  |m A14806462574 
952 f f |p ric  |a Texas A&M University  |b Rellis Campus  |c Joint Library Facility  |d Remote Storage  |t 0  |e UD390 .J33  |h Library of Congress classification  |i unmediated -- volume  |k 33rd ed.  |l 2007/2008  |m A14834003736 
952 f f |p ric  |a Texas A&M University  |b Rellis Campus  |c Joint Library Facility  |d Remote Storage  |t 0  |e UD390 .J33  |h Library of Congress classification  |i unmediated -- volume  |k 32nd ed.  |l 2006/2007  |m A14833968381 
952 f f |p ric  |a Texas A&M University  |b Rellis Campus  |c Joint Library Facility  |d Remote Storage  |t 0  |e UD390 .J33  |h Library of Congress classification  |i unmediated -- volume  |k 7th ed.  |l 1981/1982  |m A14807546266 
952 f f |p ric  |a Texas A&M University  |b Rellis Campus  |c Joint Library Facility  |d Remote Storage  |t 0  |e UD390 .J33  |h Library of Congress classification  |i unmediated -- volume  |k 22nd ed.  |l 1996/1997  |m A14820026138 
952 f f |p ric  |a Texas A&M University  |b Rellis Campus  |c Joint Library Facility  |d Remote Storage  |t 0  |e UD390 .J33  |h Library of Congress classification  |i unmediated -- volume  |k 20th ed.  |l 1994/1995  |m A14818033357 
952 f f |p ric  |a Texas A&M University  |b Rellis Campus  |c Joint Library Facility  |d Remote Storage  |t 0  |e UD390 .J33  |h Library of Congress classification  |i unmediated -- volume  |k 28th ed.  |l 2002/2003  |m A14828616995 
952 f f |p ric  |a Texas A&M University  |b Rellis Campus  |c Joint Library Facility  |d Remote Storage  |t 0  |e UD390 .J33  |h Library of Congress classification  |i unmediated -- volume  |k 25th ed.  |l 1999/2000  |m A14824049895 
952 f f |p ric  |a Texas A&M University  |b Rellis Campus  |c Joint Library Facility  |d Remote Storage  |t 0  |e UD390 .J33  |h Library of Congress classification  |i unmediated -- volume  |k 23rd ed.  |l 1997/1998  |m A14821191253 
952 f f |p ric  |a Texas A&M University  |b Rellis Campus  |c Joint Library Facility  |d Remote Storage  |t 0  |e UD390 .J33  |h Library of Congress classification  |i unmediated -- volume  |k 18th ed.  |l 1992/1993  |m A14816183457 
952 f f |p ric  |a Texas A&M University  |b Rellis Campus  |c Joint Library Facility  |d Remote Storage  |t 0  |e UD390 .J33  |h Library of Congress classification  |i unmediated -- volume  |k 36th ed.  |l 2010/2011  |m A14839127195 
952 f f |p ric  |a Texas A&M University  |b Rellis Campus  |c Joint Library Facility  |d Remote Storage  |t 0  |e UD390 .J33  |h Library of Congress classification  |i unmediated -- volume  |k 6th ed.  |l 1980/1981  |m A14806461950 
952 f f |p ric  |a Texas A&M University  |b Rellis Campus  |c Joint Library Facility  |d Remote Storage  |t 0  |e UD390 .J33  |h Library of Congress classification  |i unmediated -- volume  |k 19th ed.  |l 1993/1994  |m A14817372643 
952 f f |p ric  |a Texas A&M University  |b Rellis Campus  |c Joint Library Facility  |d Remote Storage  |t 0  |e UD390 .J33  |h Library of Congress classification  |i unmediated -- volume  |k 34th ed.  |l 2008/2009  |m A14837003442 
952 f f |p ric  |a Texas A&M University  |b Rellis Campus  |c Joint Library Facility  |d Remote Storage  |t 0  |e UD390 .J33  |h Library of Congress classification  |i unmediated -- volume  |k 24th ed.  |l 1998/1999  |m A14825399691 
952 f f |p normal  |a Texas A&M University  |b Rellis Campus  |c Joint Library Facility  |d Remote Storage  |t 0  |e UD390 .J33  |h Library of Congress classification  |i unmediated -- volume  |k 8th ed.  |l 1982/1983  |m A14807564727 
952 f f |p ric  |a Texas A&M University  |b Rellis Campus  |c Joint Library Facility  |d Remote Storage  |t 0  |e UD390 .J33  |h Library of Congress classification  |i unmediated -- volume  |k 26th ed.  |l 2000/2001  |m A14826018955 
952 f f |p ric  |a Texas A&M University  |b Rellis Campus  |c Joint Library Facility  |d Remote Storage  |t 0  |e UD390 .J33  |h Library of Congress classification  |i unmediated -- volume  |k 12th ed.  |l 1986/1987  |m A14809398342 
952 f f |p ric  |a Texas A&M University  |b Rellis Campus  |c Joint Library Facility  |d Remote Storage  |t 0  |e UD390 .J33  |h Library of Congress classification  |i unmediated -- volume  |k 37th ed.  |l 2011/2012  |m A14839505262 
952 f f |p ric  |a Texas A&M University  |b Rellis Campus  |c Joint Library Facility  |d Remote Storage  |t 0  |e UD390 .J33  |h Library of Congress classification  |i unmediated -- volume  |k 31st ed.  |l 2005/2006  |m A14831427004 
952 f f |p ric  |a Texas A&M University  |b Rellis Campus  |c Joint Library Facility  |d Remote Storage  |t 0  |e UD390 .J33  |h Library of Congress classification  |i unmediated -- volume  |k 14th ed.  |l 1988/1989  |m A14811264575 
952 f f |p ric  |a Texas A&M University  |b Rellis Campus  |c Joint Library Facility  |d Remote Storage  |t 0  |e UD390 .J33  |h Library of Congress classification  |i unmediated -- volume  |k 17th ed.  |l 1991/1992  |m A14813724898 
998 f f |a UD390 .J33  |s 22nd-37th ed. (1996/1997-2011/2012)  |t 0  |l Remote Storage